| 000 | 00600nam a2200193 a 4500 | ||
|---|---|---|---|
| 005 | 20140310183145.0 | ||
| 008 | 020820s19uu xx 00 eng d | ||
| 050 |
_aLB 1028.5 _b.Al358 2001 |
||
| 100 | _aAlessi, Stephen M. | ||
| 245 |
_aMultimedia for learning : _bmethods and development / _cStephen M. Alessi. |
||
| 300 |
_a579 p. : _bill. ; _c26 cm. |
||
| 521 | _aMC | ||
| 650 | _aComputer assisted instruction | ||
| 650 |
_aEducation _xdata processing |
||
| 650 | _aInteractive video | ||
| 650 |
_aArtificial intelligence _xEducational applications |
||
| 942 |
_cBK _2lcc _kFOR |
||
| 999 |
_c19518 _d19518 |
||